000 00425nam a22001577a 4500
999 _c478377
_d478377
003 NUST
005 20180525053101.0
008 180525b ||||| |||| 00| 0 eng d
038 _aSNS Library
082 _a543.0858
100 _aM. F. Lappert
_910518
245 _aPhysical Inorganic Chemistry
_cM. F. Lappert
260 _aNew York
_bElsevier Publishing Company
_c1968
300 _axii,420 p.
_bPb.
942 _2ddc
_cBK